Josh Gad Filmography - Statistics

General Stats
  • This quiz has been taken 39 times
    6 since last reset
  • The average score is 38 of 119
Answer Stats
Type Year Name % Correct
Film 2013 Frozen
83%
Film 2019 Frozen II
83%
Film 2017 Beauty and the Beast
67%
Film 2015 Pixels
67%
TV Show 2020 Saturday Night Live
67%
Film 2019 A Dog's Journey
50%
Film 2020 Artemis Fowl
50%
Web Series 2020-Present Central Park
50%
Film 2012 Ice Age: Continental Drift
50%
Film 2013 Jobs
50%
Film 2010 Marmaduke
50%
Film 2017 Marshall
50%
Film 2017 Murder on the Orient Express
50%
TV Show 2014 Phineas and Ferb
50%
TV Show 2016 Sofia the First
50%
TV Show 2017 Star Wars Rebels
50%
Film 2023 Strays
50%
Film 2016 The Angry Birds Movie
50%
Film 2019 The Angry Birds Movie 2
50%
Film 2025 The Angry Birds Movie 3
50%
Theater 2011 The Book of Mormon
50%
TV Show 2012-2013 1600 Penn
33%
Film 2008 21
33%
Film 2017 A Dog's Purpose
33%
Film TBA Adulthood
33%
TV Show 2008 American Dad!
33%
Web Mini-Series 2020 At Home with Olaf
33%
Film 2025 A Tree Fell in the Woods
33%
TV Show 2020-2022 Avenue 5
33%
TV Show 2007-2008 Back to You
33%
TV Show 2018 Bob's Burgers
33%
TV Show 2010 Bored to Death
33%
TV Show 2011 Californication
33%
Film 2009 Crossing Over
33%
TV Show 2021 Curb Your Enthusiasm
33%
TV Show 2005 ER
33%
Short Film 2015 Frozen Fever
33%
Film 2027 Frozen III
33%
Film 2021 Ghostbusters: Afterlife
33%
TV Show 2011-2014 Gigi: Almost American
33%
TV Show 2011 Good Vibes
33%
TV Show 2013 Hollywood Game Night
33%
TV Show 2015 Jeopardy!
33%
Theater 2025 Jesus Christ Superstar
33%
Video Game 2019 Kingdom Hearts III
33%
TV Show 2016 Lip Sync Battle
33%
Film 2019 Little Monsters
33%
Film 2010 Love & Other Drugs
33%
Film 2011 Mardi Gras: Spring Break
33%
Film 2002 Mary and Joe
33%
TV Show 2011, 2020 Modern Family
33%
TV Show 2014 Monsters vs. Aliens
33%
TV Show 2012, 2014, 2015 New Girl
33%
TV Show 2008, 2009 Numbers
33%
Short Film 2017 Olaf's Frozen Adventure
33%
Short Film 2023 Once Upon a Studio
33%
TV Show 2009 Party Down
33%
Film 2007 Razortooth
33%
TV Show 2015 Sesame Street
33%
Film 2012 She Wants Me
33%
Film TBA Shrunk
33%
Film TBA Snow Ponies
33%
TV Show 2017 South Park
33%
Film TBA Spaceballs 2
33%
TV Show 2021 Staged
33%
TV Show 2016 Talking Dead
33%
Film 2012 Thanks for Sharing
33%
Web Series 2022 The Boys
33%
TV Show 2010 The Cleveland Show
33%
TV Show 2015 The Comedians
33%
TV Show 2009-2011 The Daily Show
33%
TV Show 2019 The Ellen DeGeneres Show
33%
Film 2013 The Internship
33%
Film 2009 The Lost Normads: Get Lost!
33%
Film 2008 The Rocker
33%
TV Show 2020 The Shivering Truth
33%
TV Show 2022 The Tiny Chef Show
33%
Film 2015 The Wedding Ringer
33%
TV Show 2015 TripTank
33%
Film 2007 Watching the Detectives
33%
Film 2014 Wish I Was Here
33%
Short Film 2009 Big Guy
17%
Podcast 2019-2022 Blood Ties
17%
Web Series TBA Breaking Bear
17%
Music Video 2014 Can You Do This
17%
TV Show 2025 Celebrity IOU
17%
TV Show 2025 Celebrity Wheel of Fortune
17%
TV Documentary 2023 Disney 100: A Century of Dreams - A Special Edition of 20/20
17%
Video Game 2015 Disney Infinity 3.0
17%
TV Special 2019 Disney Parks Magical Christmas Day Parade
17%
Commercial 2016 Foot Locker
17%
Video Game 2013 Frozen: Olaf's Quest
17%
Theater 2023-2024 Gutenberg!
17%
Web Series 2023 History of the World: Part II
17%
Web Mini-Series 2020 Home Movie: The Princess Bride
17%
Web Mini-Series 2020 James and the Giant Peach with Taika and Friends
17%
Web Series 2013 Kevin Pollak's Chat Show
17%
TV Mini-Series 2016 LEGO Frozen Northern Lights
17%
Documentary TBA Life After the Goonies
17%
TV Special 2022 Luke Evans: Showtime!
17%
Documentary Series 2020-Present Magic of Disney's Animal Kingdom
17%
Video Game 2012 MIB: Alien Crisis
17%
TV Film 2009 No Heroics
17%
Web Mini-Series 2021 Olaf Presents
17%
Short Film 2020 Once Upon a Snowman
17%
TV Film 2009 Rent Control
17%
TV Show 2020 Reunited Apart
17%
TV Special 2019 Sesame Street's 50th Anniversary Celebration
17%
Web Series 2023, 2024 Solar Opposites
17%
Web Series 2023 StoryBots: Answer Time
17%
Theater 2005-2006 The 25th Annual Putnam County Spelling Bee
17%
TV Documentary 2014 The Story of Frozen: Making a Disney Animated Classic
17%
TV Documentary 2024 The Untold Story of Mary Poppins: A Special Edition of 20/20
17%
TV Film 2009 Waiting to Die
17%
Web Series 2009 Woke Up Dead
17%
Web Series 2022-Present Wolf Like Me
17%
Web Mini-Series 2025 Wonder Man
17%
Commercial 2016 McDonald's
0%
Commercial 2015 Target
0%
No matching quizzes found
Score Distribution
Percent of People with Each Score
Percentile by Number Answered
Your Score History
You have not taken this quiz since the last reset